Elements starting with P - Statistics

General Stats
  • This quiz has been taken 7 times
  • The average score is 4 of 8
Answer Stats
Answer % Correct
Phosphorus
100%
Plutonium
67%
Palladium
50%
Platinum
50%
Polonium
50%
Praseodymium
50%
Promethium
33%
Protactinium
33%
No matching quizzes found
Score Distribution
Percent of People with Each Score
Percentile by Number Answered
Your Score History
You have not taken this quiz